Score 0/27 Timer 03:00
1 Play Today
Clue 4-Letter Word % Correct
Grains on the beachSAND
98.6%
Transmit or mailSEND
96.6%
What golfers yell as a warningFORE
82.8%
Steve Carell's '___ Almighty'EVAN
82.2%
Having a tie scoreEVEN
80.7%
Kitchen baking localeOVEN
78%
Mind the flockTEND
74.9%
Printed document with blanks to fill inFORM
74.3%
Cappuccino topperFOAM
74.2%
Golfers' needsTEES
67.9%
Greek god of warARES
67.7%
Donned a day agoWORE
62.9%
Section of a cash register tillTENS
60.5%
Very, in VersaillesTRÈS
59.4%
Clue 4-Letter Word % Correct
A Spanish custardy dessertFLAN
57.6%
To send a telegramWIRE
56.1%
Sagacious or smartWISE
55.1%
Vigorous enthusiasmELAN
51.9%
With [Rung 1] and [Rung 27], an expression meaning quickly and continuously★ OVER ★
49.9%
Fruity summer drinksADES
49.3%
Two-stroke drumbeatFLAM
48.8%
Poems on skylarks and Grecian urnsODES
48.1%
Brand of laundry detergentWISK
43.1%
MLB Hall of Fame catcher CarltonFISK
40.9%
Central European riverODER
34.5%
With [Rung 12] and [Rung 27], an expression meaning quickly and continuously★ HAND ★
32.1%
With [Rung 1] and [Rung 12], an expression meaning quickly and continuously★ FIST ★
24.9%

Today's Daily Dose

Missing Word
'T' Pairs

Word Ladder
Game Pieces

Get the Picture
Baseball Movies

Remove Ads.
Support Sporcle.
Get the best of Sporcle when you Go Orange. This ad-free experience offers more features, more stats, and more fun while also helping to support Sporcle. Thank you for becoming a member.

You're not logged in!

Compare scores with friends on all Sporcle quizzes.
OR
Log In

Show Comments

Extras

Top Quizzes Today


Score Distribution

Your Account Isn't Verified!

In order to create a playlist on Sporcle, you need to verify the email address you used during registration. Go to your Sporcle Settings to finish the process.

Report this User

Report this user for behavior that violates our Community Guidelines.

Details: